Pathology of solid organ transplantation / (Record no. 233071)

000 -LEADER
fixed length control field 01308cam a2200361 a 4500
001 - CONTROL NUMBER
control field 16438746
003 - CONTROL NUMBER IDENTIFIER
control field Nust
005 - DATE AND TIME OF LATEST TRANSACTION
control field 20170228114417.0
008 - FIXED-LENGTH DATA ELEMENTS--GENERAL INFORMATION
fixed length control field 100830s2011 gw a b 001 0 eng c
010 ## - LIBRARY OF CONGRESS CONTROL NUMBER
LC control number 2010935946
016 7# - NATIONAL BIBLIOGRAPHIC AGENCY CONTROL NUMBER
Record control number 101552462
Source DNLM
020 ## - INTERNATIONAL STANDARD BOOK NUMBER
International Standard Book Number 9783540793427 (alk. paper)
020 ## - INTERNATIONAL STANDARD BOOK NUMBER
International Standard Book Number 3540793429 (alk. paper)
020 ## - INTERNATIONAL STANDARD BOOK NUMBER
International Standard Book Number 9783540793434 (eISBN)
020 ## - INTERNATIONAL STANDARD BOOK NUMBER
International Standard Book Number 3540793437 (eISBN)
035 ## - SYSTEM CONTROL NUMBER
System control number (OCoLC)ocn702604712
040 ## - CATALOGING SOURCE
Original cataloging agency NLM
Transcribing agency ASAB
Modifying agency CDX
-- BTCTA
-- YDXCP
-- DLC
042 ## - AUTHENTICATION CODE
Authentication code pcc
050 00 - LIBRARY OF CONGRESS CALL NUMBER
Classification number RD120.7
Item number .P38 2011
060 00 - NATIONAL LIBRARY OF MEDICINE CALL NUMBER
Classification number 2011 B-042
060 10 - NATIONAL LIBRARY OF MEDICINE CALL NUMBER
Classification number WO 660
082 00 - DEWEY DECIMAL CLASSIFICATION NUMBER
Classification number 617.9/54
Edition number 23
245 00 - TITLE STATEMENT
Title Pathology of solid organ transplantation /
Statement of responsibility, etc. Helen Liapis, Hanlin L. Wang (editors).
260 ## - PUBLICATION, DISTRIBUTION, ETC.
Place of publication, distribution, etc. Heidelberg :
Name of publisher, distributor, etc. Springer,
Date of publication, distribution, etc. c2011.
300 ## - PHYSICAL DESCRIPTION
Extent xii, 405 p. :
Other physical details ill. ;
Dimensions 27 cm.
504 ## - BIBLIOGRAPHY, ETC. NOTE
Bibliography, etc. note Includes bibliographical references and index.
650 #0 - SUBJECT ADDED ENTRY--TOPICAL TERM
Topical term or geographic name entry element Transplantation of organs, tissues, etc.
650 12 - SUBJECT ADDED ENTRY--TOPICAL TERM
Topical term or geographic name entry element Organ Transplantation
General subdivision pathology.
650 22 - SUBJECT ADDED ENTRY--TOPICAL TERM
Topical term or geographic name entry element Transplantation Immunology.
700 1# - ADDED ENTRY--PERSONAL NAME
Personal name Liapis, Helen.
700 1# - ADDED ENTRY--PERSONAL NAME
Personal name Wang, Hanlin L.
906 ## - LOCAL DATA ELEMENT F, LDF (RLIN)
a 7
b cbc
c pccadap
d 2
e epcn
f 20
g y-gencatlg
942 ## - ADDED ENTRY ELEMENTS (KOHA)
Source of classification or shelving scheme
Koha item type Book
Holdings
Withdrawn status Lost status Source of classification or shelving scheme Damaged status Not for loan Collection code Permanent Location Current Location Date acquired Total Checkouts Full call number Barcode Date last seen Price effective from Koha item type
            Atta-ur-Rahman School of Applied Biosciences (ASAB) Atta-ur-Rahman School of Applied Biosciences (ASAB) 02/28/2017   617.9 LIA ASAB3142 02/28/2017 02/28/2017 Book
© 2023 Central Library, National University of Sciences and Technology. All Rights Reserved.